Hydrogel as mitigator of salt stress during the establishment of Tagetes patula L. seedlings (Registro n. 337940)
[ somente texto ]
| 000 -LÍDER | |
|---|---|
| fixed length control field | 04464nab a2200373 i 4500 |
| 003 - CÓDIGO MARC DA AGÊNCIA CATALOGADORA | |
| Campo de controle | BR-BrBNA |
| 005 - DATA E HORA DA ÚLTIMA ATUALIZAÇÃO | |
| Campo de controle | 20250901185033.0 |
| 008 - CAMPO DE TAMANHO FIXO | |
| fixed length control field | 250901b2022 bl.mr|pooa||| 00| 0 eng | |
| 040 ## - FONTE DA CATALOGAÇÃO | |
| Agência catalogadora | BR-BrBNA |
| Idioma da catalogação | eng |
| 072 ## - CATEGORIA AGRIS | |
| Código AGRIS | H50 |
| 072 ## - CATEGORIA AGRIS | |
| Código AGRIS | F06 |
| 100 ## - ENTRADA PRINCIPAL - NOME PESSOAL | |
| Nome pessoal | Sousa, Naara I. G. |
| 100 ## - ENTRADA PRINCIPAL - NOME PESSOAL | |
| Nome pessoal | Sousa, Alan B. O. de |
| 100 ## - ENTRADA PRINCIPAL - NOME PESSOAL | |
| Nome pessoal | Lacerda, Claudivan F. de |
| 100 ## - ENTRADA PRINCIPAL - NOME PESSOAL | |
| Nome pessoal | Sales, Jonnathan R. da S. |
| 100 ## - ENTRADA PRINCIPAL - NOME PESSOAL | |
| Nome pessoal | Mesquita, Rosilene O. |
| 100 ## - ENTRADA PRINCIPAL - NOME PESSOAL | |
| Nome pessoal | Cavalcante, Eduardo S. |
| 100 ## - ENTRADA PRINCIPAL - NOME PESSOAL | |
| Nome pessoal | Canjá, Juvenaldo F. |
| 100 ## - ENTRADA PRINCIPAL - NOME PESSOAL | |
| Nome pessoal | Camara, Wembley A. R. |
| 245 ## - TÍTULO PRINCIPAL | |
| Título principal | Hydrogel as mitigator of salt stress during the establishment of Tagetes patula L. seedlings |
| 500 ## - NOTA GERAL | |
| Nota geral | Publicação on-line; 30 ref.; 7 illus; Sumaries (En, Pt) |
| 942 ## - ADDED ENTRY ELEMENTS (KOHA) | |
| Koha item type | Analítica |
| 520 ## - NOTA DE RESUMO | |
| Nota de conteúdo | <br/><br/>ABSTRACT: Hydrogels favor moisture retention in the substrate and can attenuate the effects of salt stress on the production of potted plants. In this context, this research sought to evaluate the use of hydrogel to mitigate the damage caused by the salinity of irrigation water on the emergence, growth, and thermal index of Tagetes patula L. seedlings. The research was carried out in a greenhouse, in September 2020, in the municipality of Fortaleza, Ceará State, Brazil. The design used was randomized blocks in a split plot. The plots corresponded to seven levels of electrical conductivity of the irrigation water - ECw (0.5, 1.0, 2.0, 3.0, 4.0, 5.0, and 6.0 dS m-1) and the subplots corresponded to four hydrogel concentrations (0, 1.0, 2.0, and 3.0 g L-1), with five replicates and each subplot consisted of 27 seeds. The application of 3.0 g hydrogel L-1 of substrate favored the production of leaves and reduced the thermal index in plants associated with the increase in the salinity of the substrate up to 6.0 dS m-1. The use of 3.0 g L-1 hydrogel increases seedling height, leaf dry mass, and total dry mass compared to treatments without water-retaining polymer, even at moderate (2.0 to 3.0 dS m-1) and high (4.0 to 6.0 dS m-1) salinity levels, thus indicating a possible effect of mitigation of damage caused by the salinity of the irrigation water. However, the intensity of this mitigating effect decreases at higher levels of salt stress.<br/><br/>Key words: ornamental, brackish water, emergence, polymer |
| 520 ## - NOTA DE RESUMO | |
| Nota de conteúdo | <br/><br/>RESUMO: Os hidrogéis favorecem a retenção de umidade no substrato e podem atenuar os efeitos do estresse salino na produção de plantas em vaso. Nesse contexto, buscou-se avaliar o uso do hidrogel para mitigar os danos causados pela salinidade da água de irrigação na emergência, crescimento e índice térmico de mudas de Tagetes patula L. A pesquisa foi realizada em casa-de-vegetação, em setembro de 2020, no município de Fortaleza, estado do Ceará, Brasil. O delineamento utilizado foi em blocos casualizados em parcelas subdivididas. As parcelas corresponderam a sete níveis de condutividades elétricas da água de irrigação - CEa (0,5, 1,0, 2,0, 3,0, 4,0, 5,0 e 6,0 dS m-1) e as subparcelas corresponderam a quatro concentrações de hidrogel (0, 1,0, 2,0 e 3,0 g L-1), com cinco repetições e cada subparcela foi composta por 27 sementes. A aplicação de 3,0 g de hidrogel L-1 de substrato favoreceu a produção de folhas e reduziu o estresse térmico nas plantas associado ao aumento da salinidade do substrato até 6,0 dS m-1. A utilização de 3,0 g L-1 de hidrogel incrementou a altura das plântulas, massa seca da folha e massa seca total em comparação aos tratamentos sem o polímero retentor de água, mesmo em níveis moderados (2,0 a 3,0 dS m-1) e altos de salinidade (4,0 a 6,0 dS m-1), indicando assim possível efeito mitigador dos danos causados pela salinidade da água de irrigação. Entretanto, a intensidade desse efeito mitigador deminui nos maiores níveis de estresse salino.<br/><br/>Palavras-chave: ornamental, água salobra, emergência, polímero |
| 650 ## - ASSUNTO - THESAGRO | |
| Cabeçalho tópico ou nome geográfico | PLANTA ORNAMENTAL |
| 650 ## - ASSUNTO - THESAGRO | |
| Cabeçalho tópico ou nome geográfico | IRRIGAÇÃO |
| 650 ## - ASSUNTO - THESAGRO | |
| Cabeçalho tópico ou nome geográfico | HIDROGEL |
| 650 ## - ASSUNTO - THESAGRO | |
| Cabeçalho tópico ou nome geográfico | SUBSTRATO DE CULTURA |
| 650 ## - ASSUNTO - THESAGRO | |
| Cabeçalho tópico ou nome geográfico | DANO |
| 650 ## - ASSUNTO - THESAGRO | |
| Cabeçalho tópico ou nome geográfico | SALINIDADE |
| 773 0# - ENTRADA ANALÍTICA | |
| Host Biblionumber | 3534 |
| Registro do item | 317827 |
| Imprenta | Campina Grande-PB Universidade Federal de Campina Grande. Centro de Ciências e Tecnologia 1997 |
| Outro identificador | 2024-4546 |
| Título | Revista Brasileira de Engenharia Agrícola e Ambiental (Brazil) |
| ISSN | 1415-4366 |
| Colação | v. 26 (11) p. 807-814; (2022) |
| Número de controle de registro | BR2025003532 |
| 856 ## - ACESSO E ENDEREÇO ELETRÔNICO | |
| Identificador uniforme de recurso - URI | https://www.scielo.br/j/rbeaa/a/BVyFqbcSWVF7fJnTSCZfvTv/?format=pdf&lang=en |
Nenhum exemplar disponível.

BINAGRI